Hladké a dokumentárne inkasá v medzinárodnom obchode diplomová práca

Salvato in:
Dettagli Bibliografici
Autore principale: Herbrik, Lukáš
Ente Autore: Obchodná fakulta EU. Katedra medzinárodného obchodu
Altri autori: Pavelka, Ľuboš, 1962-
Natura: Libro
Lingua:slovacco
Pubblicazione: Bratislava 2013
Tags: Aggiungi Tag
Nessun Tag, puoi essere il primo ad aggiungerne!!

MARC

LEADER 00000nbm a2200000 4500
001 0169430
005 20161109102303.8
041 0 |a slo 
044 |a SK 
245 1 0 |a Hladké a dokumentárne inkasá v medzinárodnom obchode  |b diplomová práca  |c Lukáš Herbrik ; školiteľ: Ľuboš Pavelka 
264 1 |a Bratislava  |c 2013 
300 |a 101 s. 
100 1 |a Herbrik, Lukáš 
700 1 |a Pavelka, Ľuboš, 1962- 
710 2 |a Obchodná fakulta EU. Katedra medzinárodného obchodu